000 00212nam a2200097Ia 4500
008 220204s9999 xx 000 0 und d
082 _a82-3
_bMEL
100 _aMelville, Herman
245 0 _aMoby Dick
942 _cBK
999 _c38247
_d38247